000 00334nam a22001457a 4500
008 210429b ||||| |||| 00| 0 eng d
020 _a9781285085357
041 _aeng
080 _212e
_a330.722.6
082 _a330.722.6
100 _a61
101 _aKF
245 _aCorporate Financial Accounting
_cWarren,
942 _2udc
_cBK
999 _c56965
_d56965